Unidad de formación relativa a especies vegetales incluidas en CITES utilizadas con fines medicinales (Registro nro. 1220)

Detalles MARC
000 -CABECERA
Campo de control 00633nam a2200193 a 4500
005 - FECHA Y HORA DE LA ULTIMA TRANSACCION
Campo de control 20151117030112.0
008 - ELEMENTOS DE LONGITUD FIJA—INFORMACION GENERAL
Campo de control 140226b1998 gw ||||| |||| 00| 0 eng d
040 ## - FUENTE DE CATALOGACIÓN
Agencia catalogadora original CO-BoIAVH
Agencia transcriptora CO-BoIAVH
041 ## - IDIOMA
Código de idioma para texto/pista de sonido o título separado Español
Código de idioma de la versión original y/o traducciones intermedias del texto Inglés
090 ## - CLASIFICACIÓN LOCAL
Colección LB
Consecutivo 01210
100 ## - ASIENTO PRINCIPAL--NOMBRE PERSONAL
Nombre personal Lange, Dagmar
245 ## - MENCION DE TITULO
Título Unidad de formación relativa a especies vegetales incluidas en CITES utilizadas con fines medicinales
260 ## - PUBLICACION, DISTRIBUCION, ETC. (PIE DE IMPRENTA)
Lugar de publicación, distribución, etc. Bonn
Nombre del editor, distribuidor, etc. Alemania. Agencia federal para la conservación de la naturaleza
Fecha de publicación, distribución, etc. 1998
300 ## - DESCRIPCION FISICA
Extensión 100 p.
650 ## - ASIENTO SECUNDARIO DE MATERIA - TERMINO TEMATICO
Término temático o nombre geográfico como elemento de entrada CITES
650 ## - ASIENTO SECUNDARIO DE MATERIA - TERMINO TEMATICO
Término temático o nombre geográfico como elemento de entrada Listas rojas UICN
650 ## - ASIENTO SECUNDARIO DE MATERIA - TERMINO TEMATICO
Término temático o nombre geográfico como elemento de entrada Plantas medicinales
942 ## - ELEMENTOS ADICIONALES (KOHA)
Tipo de ítem Informe Técnico
Sistema de clasificación Local
Existencias
Withdrawn status Lost status Sistema de Clasificación Damaged status No para préstamo Colección Inventariado Ubicación Permanente Ubicación actual Fecha de adquisición Total Checkouts Número topográfico Inventario / Código de Barras Date last seen Ejemplar Price effective from Forma de adquisición Tipo de material Public note
    Local     General Inventariado 2017 Bogotá Bogotá 25/04/1999   LB-01210 001651 04/12/2012 Ej. 1 04/12/2012   Informe Técnico Versión 1.1 15.1.1998